| 000 | 00577nam a2200145 i 4500 | ||
|---|---|---|---|
| 001 | 32118 | ||
| 003 | ES-MaACL | ||
| 007 | t| | ||
| 008 | 030221s1903 ho ||||1| spa d | ||
| 245 | 0 | 3 |
_aLa República de Honduras _b: breve reseña para la Exposición de San Luis, Missouri, Estados Unidos de América / _cpublicación especial de la Dirección de Estadística. |
| 260 |
_aTegucigalpa : _bTipografía Nacional, _c1903. |
||
| 300 |
_a60 p. ; _c27 cm. |
||
| 710 | 1 |
_aHonduras. _bDirección de Estadística. _94587 |
|
| 852 |
_aES-MaACL _jG-3332 _q. - Encuadernado con otras obras |
||
| 999 |
_c32118 _d32118 |
||